000 00355nam a2200133Ia 4500
008 240624s9999 xx 000 0 und d
041 _aeng
082 _a658.312404 MUR
100 _aMURTHY S K
245 _aTRAINING FOR DEVELOPMENT
260 _c2011
_aNew Delhi
_bAnmol Publications Pvt. Ltd.
300 _avii, : 312 : p. : cm. ; 22
365 _cRS
_b20
999 _c16164
_d16164